Štúdium environmentálne degradovateľných zmesí plastov s biopolymérmi

Saved in:
Bibliographic Details
Main Author: Crkoňová rod. Podstránska, Gabriela (Author)
Format: Manuscript Book
Language:Slovak
Published: Bratislava : STU v Bratislave FCHPT, 2003
Edition:Obháj.: 16.9.2003
Tags: Add Tag
No Tags, Be the first to tag this record!

MARC

LEADER 00000ntm a22000003a 4500
001 stu87519
005 20150617225630.4
008 040607s2003----xo------------------slo-d
040 |a STU  |b slo 
041 0 |a slo 
044 |a xo 
080 |a 678.7(043.3) 
100 1 |a Crkoňová rod. Podstránska, Gabriela  |4 aut 
245 1 |a Štúdium environmentálne degradovateľných zmesí plastov s biopolymérmi 
250 |a Obháj.: 16.9.2003 
260 |a Bratislava :  |b STU v Bratislave FCHPT,  |c 2003 
300 |a 165 s. Obr.,tab.,grafy,lit 
500 |a Katedra plastov a kaučuku 
996 |b 284C030361  |c C*KD531  |l CCI  |s A  |a 24  |w stu87519_0001